Multimediálne spracovanie fyzikálnych experimentov náučnou formou /

Salvato in:
Dettagli Bibliografici
Autore principale: Tutko, Peter (Autore)
Altri autori: Kovárová, Alena, 1981- (Relatore della tesi)
Natura: Manoscritto Libro
Lingua:slovacco
Pubblicazione: Bratislava STU v Bratislave FIIT 2007
Soggetti:
Tags: Aggiungi Tag
Nessun Tag, puoi essere il primo ad aggiungerne!!

MARC

LEADER 00000ntm a22000003a 4500
001 0031196
003 SK-STU
005 20180214142010.4
007 ta
008 180214s2018----xo-----f-mn---000-0-slo-d
040 |a STU  |b slo 
041 0 |a slo 
044 |a xo  |c SK 
100 1 |a Tutko, Peter  |4 aut  |r Z4 
245 1 0 |a Multimediálne spracovanie fyzikálnych experimentov náučnou formou /  |c aut. Peter Tutko ; škol. Alena Kovárová 
260 |c 2007  |a Bratislava  |b STU v Bratislave FIIT 
300 |a 42 s.  |e CD 
650 0 7 |a fyzika 
650 0 7 |a Programovanie výuky 
700 1 |a Kovárová, Alena,  |d 1981-  |u 070200  |r Z1  |4 ths  |U FIIT Fakulta informatiky a informačných technológií  |T FIIT Ústav informatiky a softvérového inžinierstva  |X 38836  |U I200  |Y 179  |7 38836 
996 |c I* BAP178/07  |l II680  |s P  |a 0  |w 0031196_0001